| 000 | 01177nam a22003615a 4500 | ||
|---|---|---|---|
| 003 | EG-ScBUE | ||
| 005 | 20220606093840.0 | ||
| 006 | m||||fq||h 00| 0 | ||
| 008 | 180326r20172006enka f d 001 0 eng d | ||
| 020 | _a9780194579827 | ||
| 020 | _a9780194579834 (CD) | ||
| 040 |
_aEG-ScBUE _beng _erda _cEG-ScBUE _dEG-ScBUE |
||
| 082 | 0 | 4 |
_222 _a428.24 _bYUL |
| 100 | 1 |
_aYule, George, _eauthor. _939798 |
|
| 245 | 1 | 0 |
_aOxford practice grammar : _badvanced : with answers / _cGeorge Yule. |
| 250 | _aReprinted edition. | ||
| 264 | 1 |
_aOxford : _bOxford University Press, _c2017. |
|
| 300 |
_aix, 280 pages : _billustrations ; _c28 cm + _e1 CD |
||
| 336 |
_2rdacontent _atext _btxt |
||
| 336 |
_2rdacontent _asounds _bsnd |
||
| 337 |
_2rdamedia _aunmediated _bn |
||
| 337 |
_2rdamedia _aaudio _bs |
||
| 338 |
_2rdacarrier _avolume _bnc |
||
| 338 |
_2rdacarrier _acomputer disc _bcd |
||
| 500 | _aIncludes glossary. | ||
| 500 | _aIncludes appendix. | ||
| 500 | _aIncludes index. | ||
| 650 | 7 |
_2BUEsh _913890 _aEnglish language _xGrammar _vProblems, exercises, etc. |
|
| 651 | _2BUEsh | ||
| 653 |
_bHHUUEENN _bGGEN _cMarch2018 |
||
| 655 |
_vReading book _934232 |
||
| 942 |
_2ddc _cBB |
||
| 999 |
_c26416 _d26388 |
||